[Event "Rated Blitz game"]
[Site "?"]
[Date "2021.11.25"]
[Round "?"]
[White "FreakyNeuron"]
[Black "Annali-annaliew1979"]
[Result "1-0"]
[WhiteElo "2406"]
[BlackElo "2462"]
[PlyCount "203"]
[EventDate "2021.??.??"]
[EventType "blitz"]

1. e4 e5 2. Nf3 d5 3. Nxe5 Qe7 4. d4 f6 5. Nf3 dxe4 6. Nh4 f5 7. Qh5+ Qf7 8.
Qxf7+ Kxf7 9. Bc4+ Ke8 10. g3 Be7 11. Ng2 Bf6 12. c3 Nc6 13. Bf4 Kd8 14. h4
Nge7 15. Nd2 Ng6 16. Be3 a6 17. a4 Ke7 18. h5 Nf8 19. Nf4 Ne6 20. Nd5+ Kd8 21.
Nxf6 gxf6 22. d5 Ne5 23. dxe6 Nxc4 24. Nxc4 Bxe6 25. O-O-O+ Kc8 26. Na5 Bd7 27.
b3 Be6 28. Kb2 b5 29. axb5 axb5 30. Nc6 Ra6 31. Nb4 Ra8 32. Ra1 Kb7 33. Rxa8
Rxa8 34. Bd4 Rd8 35. Kc2 Rd7 36. Bxf6 c5 37. Na2 Kc6 38. h6 Kb6 39. Bg5 Kc6 40.
Be3 Rd6 41. Nc1 Rd7 42. Rd1 Ra7 43. b4 Ra1 44. Bxc5 Bc4 45. Kb2 Ra4 46. Nb3 Bd3
47. Ra1 Kd5 48. Rxa4 bxa4 49. Nd4 Kc4 50. Nxf5 a3+ 51. Kxa3 Kxc3 52. Ne3 Bb5
53. Ng4 Kd3 54. Nf6 Ke2 55. Be3 Kf3 56. Nxh7 Kg4 57. Nf6+ Kf5 58. h7 Kxf6 59.
h8=Q+ Kf5 60. Qd4 Bd3 61. Qc5+ Kg4 62. b5 Kf3 63. b6 Ba6 64. Qf5+ Ke2 65. Qxe4
Kf1 66. Qh1+ Ke2 67. Qa8 Bb5 68. b7 Bc6 69. Qa6+ Bb5 70. Qxb5+ Kf3 71. b8=Q Kg2
72. Qa8+ Kh2 73. f4 Kxg3 74. f5 Kg4 75. f6 Kg3 76. f7 Kg4 77. f8=Q Kg3 78. Qae8
Kg4 79. Qbb8 Kh3 80. Qbd8 Kg2 81. Bd4 Kh1 82. Bh8 Kg2 83. Kb4 Kh1 84. Kb5 Kg2
85. Kb6 Kh1 86. Kc7 Kg2 87. Kc8 Kh1 88. Kb8 Kg2 89. Ka8 Kh1 90. Qde7 Kg2 91.
Qe8f7 Kh1 92. Qef6 Kg2 93. Q7g6+ Kh1 94. Qfg5 Kh2 95. Qfg7 Kh3 96. Kb8 Kh2 97.
Kc8 Kh3 98. Kd8 Kh2 99. Ke8 Kh3 100. Kf8 Kh2 101. Kg8 Kh1 102. Q7h7# {Normal}
1-0

[Event "Rated Blitz game"]
[Site "?"]
[Date "2021.11.25"]
[Round "?"]
[White "slave-trajkoski"]
[Black "mirekkk14"]
[Result "0-1"]
[WhiteElo "2431"]
[BlackElo "2394"]
[PlyCount "58"]
[EventDate "2021.??.??"]
[EventType "blitz"]

1. e4 e5 2. Nf3 d5 3. d4 dxe4 4. Nxe5 Bd6 5. Nc4 Nf6 6. Be2 O-O 7. Nc3 Re8 8.
Bg5 Bb4 9. O-O Bxc3 10. bxc3 h6 11. Bh4 Bf5 12. Ne3 Bh7 13. Bc4 g5 14. Bg3 Nc6
15. Ng4 Nxg4 16. Qxg4 Kg7 17. h4 f5 18. Qh5 Bg6 19. Qe2 f4 20. Bh2 Qf6 21. hxg5
hxg5 22. Rab1 Rab8 23. g3 f3 24. Qe3 Rh8 25. g4 Rxh2 26. Kxh2 Qd6+ 27. Kg1 Rh8
28. Rfd1 Qh2+ 29. Kf1 Qh1# {Normal} 0-1

[Event "Rated Blitz game"]
[Site "?"]
[Date "2021.11.25"]
[Round "?"]
[White "Lil_Drill"]
[Black "Roberto_Baggio1978"]
[Result "1-0"]
[WhiteElo "2515"]
[BlackElo "2575"]
[PlyCount "113"]
[EventDate "2021.??.??"]
[EventType "blitz"]

1. e4 e5 2. Nf3 d5 3. Nxe5 Bd6 4. d4 dxe4 5. Nc4 Nf6 6. Nc3 O-O 7. Bg5 Be7 8.
Qd2 Nc6 9. O-O-O Bf5 10. h3 Nd5 11. Bxe7 Ncxe7 12. g4 Bg6 13. Bg2 Nxc3 14. Qxc3
Nd5 15. Qb3 Nf4 16. Bf1 b5 17. Ne5 a5 18. Bxb5 a4 19. Bxa4 Qd6 20. Bc6 Rab8 21.
Qe3 Nd5 22. Bxd5 Qxd5 23. b3 Ra8 24. Kb2 Rfb8 25. Qc3 Rb7 26. Rhe1 Rba7 27. a4
Rb7 28. Kc1 f6 29. Qc6 Qxc6 30. Nxc6 Re8 31. d5 h5 32. Kb2 hxg4 33. hxg4 Bf7
34. c4 g6 35. Kc3 f5 36. gxf5 gxf5 37. Rg1+ Kf8 38. a5 f4 39. a6 Rb6 40. a7 Ra8
41. Ra1 Be8 42. Nd4 Rb7 43. Ne6+ Ke7 44. Nxf4 Rbxa7 45. Rxa7 Rxa7 46. Re1 Kd6
47. Rxe4 Ra2 48. Rxe8 Rxf2 49. Re6+ Kd7 50. Nd3 Rf3 51. Kd4 Rh3 52. Nc5+ Kd8
53. Ne4 Rh4 54. Kc5 Rh3 55. Kc6 Rh7 56. Nf6 Rf7 57. Re8# {Normal} 1-0

[Event "Rated Blitz game"]
[Site "?"]
[Date "2021.11.25"]
[Round "?"]
[White "Orian21"]
[Black "Annali-annaliew1979"]
[Result "0-1"]
[WhiteElo "2418"]
[BlackElo "2457"]
[PlyCount "94"]
[EventDate "2021.??.??"]
[EventType "blitz"]

1. e4 e5 2. Nf3 d5 3. Nxe5 Qe7 4. d4 f6 5. Nd3 Nc6 6. Be3 dxe4 7. Nc5 f5 8. Bb5
a6 9. Ba4 Nf6 10. O-O Nd5 11. Bb3 Qf7 12. Nc3 Nce7 13. Bg5 c6 14. Qe2 b6 15.
N5a4 Rb8 16. Nxd5 Nxd5 17. f3 b5 18. Nc5 Bxc5 19. dxc5 O-O 20. fxe4 fxe4 21.
Rxf7 Rxf7 22. Qxe4 Bf5 23. Bxd5 cxd5 24. Qxd5 h6 25. Be3 Re8 26. Bf2 Be4 27.
Qd4 Bxc2 28. Re1 Ref8 29. c6 Bf5 30. Bg3 Kh7 31. h3 Bc8 32. c7 g5 33. Qd8 Kg6
34. Re8 Rxe8 35. Kh2 Rff8 36. Qd6+ Kh7 37. Qd3+ Bf5 38. Qd6 a5 39. Qb6 Re2 40.
Qxb5 Rc2 41. Qxa5 Be4 42. c8=Q Rxg2+ 43. Kh1 Rxb2+ 44. Kg1 Rg2+ 45. Kh1 Rxg3+
46. Kh2 Rg2+ 47. Kh1 Rf1# {Normal} 0-1

[Event "Rated Blitz game"]
[Site "?"]
[Date "2021.11.25"]
[Round "?"]
[White "RonaldGanzon"]
[Black "Armament_Haki"]
[Result "0-1"]
[WhiteElo "2380"]
[BlackElo "2525"]
[PlyCount "91"]
[EventDate "2021.??.??"]
[EventType "blitz"]

1. e4 e5 2. Nf3 d5 3. exd5 e4 4. Ne5 Qxd5 5. d4 exd3 6. Nxd3 Nc6 7. Nc3 Qe6+ 8.
Be3 Nf6 9. Nf4 Qe5 10. Bc4 Bb4 11. O-O Bxc3 12. bxc3 Qxc3 13. Bd3 O-O 14. Nh5
Ng4 15. Bf4 g6 16. h3 Nf6 17. Nxf6+ Qxf6 18. Bxc7 Be6 19. Re1 Rac8 20. Bg3 Rfd8
21. Rb1 b6 22. Qc1 Bxa2 23. Rb5 Nd4 24. Rbe5 Be6 25. Qh6 Qg7 26. Qf4 Nxc2 27.
Bxc2 Rxc2 28. Bh4 Rdc8 29. Bf6 Qf8 30. Qg5 R2c5 31. Be7 Rxe5 32. Rxe5 h6 33.
Qh4 Qg7 34. Re1 g5 35. Qe4 Re8 36. Rd1 b5 37. Bc5 Qf6 38. Bxa7 Qf5 39. Qd4 Bc8
40. Qc3 Bb7 41. Be3 Qe4 42. Kf1 Qxg2+ 43. Ke1 Bf3 44. Kd2 Rd8+ 45. Bd4 Bxd1 46.
Qe3 {Normal} 0-1

[Event "Rated Blitz game"]
[Site "?"]
[Date "2021.11.25"]
[Round "?"]
[White "pele1397"]
[Black "EEberhart"]
[Result "1-0"]
[WhiteElo "2408"]
[BlackElo "2259"]
[PlyCount "127"]
[EventDate "2021.??.??"]
[EventType "blitz"]

1. e4 e5 2. Nf3 d5 3. exd5 e4 4. Qe2 Nf6 5. Nc3 Be7 6. Nd4 O-O 7. d3 Nxd5 8.
Nxe4 Re8 9. Be3 Bf6 10. O-O-O Nb4 11. Nxf6+ Qxf6 12. a3 Nd5 13. Qd2 Nc6 14.
Nxc6 Qxc6 15. Be2 Nxe3 16. fxe3 Qxg2 17. Rdg1 Qh3 18. Rg3 Qh6 19. Rhg1 g6 20.
h3 Bd7 21. Bf3 Qxe3 22. Bxb7 Qxd2+ 23. Kxd2 Rab8 24. Bd5 Be6 25. Bxe6 Rxe6 26.
h4 f5 27. b3 Kf7 28. h5 Rbe8 29. hxg6+ hxg6 30. R1g2 Rg8 31. Rh3 Kf6 32. Rh7
Rg7 33. Rxg7 Kxg7 34. d4 Kf6 35. d5 Rd6 36. c4 c6 37. Kc3 cxd5 38. c5 Rd8 39.
Kd4 f4 40. c6 Kf5 41. b4 g5 42. b5 g4 43. a4 f3 44. Rg1 Kf4 45. a5 f2 46. Rf1
g3 47. c7 Rc8 48. b6 axb6 49. axb6 Kf3 50. b7 g2 51. Rxf2+ Kxf2 52. bxc8=Q g1=Q
53. Qf5+ Ke2+ 54. Kxd5 Qa7 55. Qe5+ Kd3 56. c8=Q Qa5+ 57. Qc5 Qd8+ 58. Qed6 Qh4
59. Kc6+ Ke2 60. Qce5+ Kf2 61. Qdf6+ Kg2 62. Qxh4 Kf1 63. Qee1+ Kg2 64. Qhg3# {
Normal} 1-0

[Event "Rated Blitz game"]
[Site "?"]
[Date "2021.11.25"]
[Round "?"]
[White "chess_commandos"]
[Black "Nepsuliini"]
[Result "1/2-1/2"]
[WhiteElo "2396"]
[BlackElo "2463"]
[PlyCount "115"]
[EventDate "2021.??.??"]
[EventType "blitz"]

1. e4 e5 2. Nf3 d5 3. Nxe5 Bd6 4. d4 dxe4 5. Nc3 Bxe5 6. dxe5 Qxd1+ 7. Nxd1 Nc6
8. Bf4 Nge7 9. Nc3 Bf5 10. Bb5 O-O-O 11. O-O a6 12. Bc4 Ng6 13. Bg5 Rd7 14. f4
exf3 15. Rxf3 Ngxe5 16. Rxf5 Nxc4 17. b3 Nd6 18. Rf2 Re8 19. Raf1 f6 20. Bf4
Nb5 21. Nxb5 axb5 22. a3 Nd4 23. h4 Ne2+ 24. Kh2 Nxf4 25. Rxf4 Re2 26. R1f2
Rdd2 27. Rxe2 Rxe2 28. Rf5 c6 29. Rc5 Kc7 30. Rc3 Kd6 31. b4 Ke5 32. Kh3 Kd4
33. Rd3+ Kc4 34. Rd7 Re3+ 35. g3 Rxa3 36. Rxg7 Kxb4 37. Rxh7 Rc3 38. Rxb7 Rxc2
39. h5 Rc1 40. Kh2 Rc5 41. g4 Rg5 42. Kh3 Kc4 43. Kh4 b4 44. h6 Rg8 45. h7 Rh8
46. Kh5 b3 47. Kh6 Kc3 48. Kg7 Rxh7+ 49. Kxh7 b2 50. Kg6 Kc2 51. Kxf6 b1=Q 52.
Rxb1 Kxb1 53. g5 c5 54. g6 c4 55. g7 c3 56. g8=Q c2 57. Qb3+ Ka1 58. Qxc2 {
Normal} 1/2-1/2

[Event "Rated Blitz game"]
[Site "?"]
[Date "2021.11.25"]
[Round "?"]
[White "agsjgm"]
[Black "Lasker-on-speed"]
[Result "1/2-1/2"]
[WhiteElo "2419"]
[BlackElo "2415"]
[PlyCount "94"]
[EventDate "2021.??.??"]
[EventType "blitz"]

1. e4 e5 2. Nf3 d5 3. Nxe5 Bd6 4. d4 dxe4 5. Nc4 Nf6 6. Bg5 O-O 7. Be2 Nc6 8.
c3 Be7 9. Nbd2 Nd5 10. Bxe7 Qxe7 11. Ne3 Nf4 12. Bf1 f5 13. Bc4+ Kh8 14. O-O
Rf6 15. Nd5 Nxd5 16. Bxd5 Rh6 17. g3 Qd6 18. Bxc6 Qxc6 19. Re1 b6 20. Nf1 f4
21. d5 Qg6 22. Qd4 Bf5 23. Qe5 f3 24. Qf4 Re8 25. h4 Qf7 26. Ne3 Bg6 27. Qxf7
Bxf7 28. Rad1 Rd6 29. c4 c6 30. dxc6 Rxc6 31. b3 h6 32. Rd7 Bg6 33. Red1 a6 34.
R1d6 Re6 35. Rxe6 Rxe6 36. Nd5 b5 37. Nf4 Rc6 38. cxb5 axb5 39. Nxg6+ Rxg6 40.
Re7 Rd6 41. Rxe4 Rd1+ 42. Kh2 Rd2 43. Kh3 Rxf2 44. a4 Rb2 45. axb5 Rxb3 46. Rf4
Rxb5 47. Rxf3 Kh7 {Normal} 1/2-1/2

[Event "Rated Blitz game"]
[Site "?"]
[Date "2021.11.25"]
[Round "?"]
[White "jonny_magia"]
[Black "Schachelite"]
[Result "1/2-1/2"]
[WhiteElo "2454"]
[BlackElo "2488"]
[PlyCount "136"]
[EventDate "2021.??.??"]
[EventType "blitz"]

1. e4 e5 2. Nf3 d5 3. Nxe5 Bd6 4. d4 dxe4 5. Nc3 Nf6 6. Bc4 Bxe5 7. dxe5 Qxd1+
8. Nxd1 Ng4 9. Bf4 Nc6 10. Bd5 Ngxe5 11. Bxe4 O-O 12. O-O Re8 13. c3 Bd7 14.
Ne3 Rad8 15. Rad1 h6 16. Rfe1 Bc8 17. Nd5 Rd7 18. Nxc7 Rxc7 19. Bxc6 Rxc6 20.
Rxe5 Rxe5 21. Bxe5 Be6 22. a3 f6 23. Bg3 Kf7 24. Rd2 Rc8 25. f3 Ke7 26. Bd6+
Kf7 27. Bf4 Ke7 28. Be3 a6 29. Kf2 Rd8 30. Bc5+ Ke8 31. Rxd8+ Kxd8 32. Bf8 g6
33. Bxh6 Ke7 34. Ke3 Bd5 35. Kd4 Bc6 36. c4 Ke6 37. Bd2 Kf5 38. b4 Ke6 39. Kc5
f5 40. b5 axb5 41. cxb5 Bd5 42. a4 Bb3 43. a5 Bd1 44. Kb6 Be2 45. Kxb7 Bxb5 46.
a6 Bf1 47. a7 Bxg2 48. Kb6 Bxf3 49. Kc7 Kf6 50. h4 Ke5 51. Kd7 f4 52. Ke7 Kf5
53. Kf7 Bd5+ 54. Kg7 f3 55. Be3 Be4 56. Bf2 Kg4 57. Kh7 Kh3 58. Kg7 Kg2 59. Be1
Kf1 60. Bg3 Kg2 61. Be1 f2 62. Bxf2 Kxf2 63. a8=Q Bxa8 64. Kxg6 Be4+ 65. Kg7
Kf3 66. h5 Kg4 67. h6 Kg5 68. h7 Bxh7 {Normal} 1/2-1/2

[Event "Rated Blitz game"]
[Site "?"]
[Date "2021.11.25"]
[Round "?"]
[White "Zwanezang"]
[Black "Lasker-on-speed"]
[Result "1-0"]
[WhiteElo "2418"]
[BlackElo "2430"]
[PlyCount "91"]
[EventDate "2021.??.??"]
[EventType "blitz"]

1. e4 e5 2. Nf3 d5 3. Nxe5 Bd6 4. d4 dxe4 5. Nc4 Nf6 6. Nxd6+ Qxd6 7. Be3 O-O
8. Be2 Nc6 9. c3 Nd5 10. O-O f5 11. c4 Nxe3 12. fxe3 f4 13. d5 Nb4 14. exf4
Rxf4 15. Nc3 Rxf1+ 16. Bxf1 Qc5+ 17. Kh1 Bf5 18. a3 Nd3 19. Bxd3 exd3 20. b3
Qd4 21. Qd2 Re8 22. Re1 Rf8 23. h3 Bg6 24. Nb5 Qh4 25. Nxc7 Be4 26. Kh2 Rf2 27.
Rxe4 Qxe4 28. Qxf2 Qe5+ 29. Kg1 Qa1+ 30. Qf1 Qd4+ 31. Kh1 d2 32. Qd1 Qf2 33.
Qg4 Qe1+ 34. Kh2 d1=Q 35. Qc8+ Kf7 36. Qf5+ Kg8 37. Qc8+ Kf7 38. Qf5+ Ke7 39.
Qg5+ Kd6 40. Qf4+ Kd7 41. Ne6 Qh1+ 42. Kg3 Qde1+ 43. Kg4 Qhf1 44. Qc7+ Ke8 45.
Nxg7+ Kf8 46. Ne6+ {Time forfeit} 1-0

[Event "Rated Blitz game"]
[Site "?"]
[Date "2021.11.25"]
[Round "?"]
[White "Nimmes_97"]
[Black "Nepsuliini"]
[Result "1-0"]
[WhiteElo "2394"]
[BlackElo "2450"]
[PlyCount "71"]
[EventDate "2021.??.??"]
[EventType "blitz"]

1. e4 e5 2. Nf3 d5 3. d4 dxe4 4. Nxe5 Nd7 5. Nxd7 Bxd7 6. Bc4 Nf6 7. O-O Bd6 8.
g3 Bg4 9. Be2 h5 10. Nc3 Qd7 11. Bg5 O-O-O 12. h4 Rde8 13. Bxf6 gxf6 14. Nd5
Qe6 15. Ne3 f5 16. c4 Kb8 17. c5 Be7 18. d5 Qg6 19. Bxg4 hxg4 20. d6 cxd6 21.
cxd6 Bxd6 22. Nxf5 Bc5 23. Qd5 Bb6 24. Kg2 Rh5 25. Qd6+ Qxd6 26. Nxd6 Re7 27.
Rac1 a6 28. Rfe1 Rd5 29. Rc8+ Ka7 30. Nc4 Rc7 31. Rxc7 Bxc7 32. Rxe4 f5 33. Re7
Bd8 34. Rf7 a5 35. h5 Ka6 36. h6 {Normal} 1-0

[Event "Rated Blitz game"]
[Site "?"]
[Date "2021.11.25"]
[Round "?"]
[White "pacherock"]
[Black "mirekkk14"]
[Result "0-1"]
[WhiteElo "2478"]
[BlackElo "2393"]
[PlyCount "84"]
[EventDate "2021.??.??"]
[EventType "blitz"]

1. e4 e5 2. Nf3 d5 3. exd5 e4 4. Qe2 Nf6 5. d3 Qxd5 6. Nbd2 Qa5 7. dxe4 a6 8.
e5 Nd5 9. Qe4 Be6 10. Bc4 Nc6 11. O-O O-O-O 12. Nb3 Qb6 13. Ng5 h6 14. Nxe6
fxe6 15. c3 Be7 16. Rd1 Bc5 17. Nxc5 Qxc5 18. Bxd5 Rxd5 19. Rxd5 exd5 20. Qg4+
Kb8 21. Qxg7 Re8 22. Be3 Qc4 23. f4 Qe2 24. Bf2 Qxb2 25. Rd1 Qxc3 26. Qxh6 d4
27. Qg6 Rd8 28. e6 d3 29. Qe4 d2 30. f5 Qc1 31. Qe2 Ne5 32. Qf1 Qc3 33. e7 Re8
34. f6 Nf7 35. Qe2 Qxf6 36. Rxd2 Qxe7 37. Qxe7 Rxe7 38. h4 b6 39. h5 Ng5 40. g4
Re4 41. Rd8+ Kb7 42. Rd4 Nf3+ {Normal} 0-1

[Event "Rated Blitz game"]
[Site "?"]
[Date "2021.11.25"]
[Round "?"]
[White "parwizQaderi"]
[Black "JHuNNx76"]
[Result "0-1"]
[WhiteElo "2456"]
[BlackElo "2376"]
[PlyCount "104"]
[EventDate "2021.??.??"]
[EventType "blitz"]

1. e4 e5 2. Nf3 d5 3. exd5 e4 4. Nd4 Qxd5 5. Nb3 Nc6 6. Nc3 Qe5 7. Be2 Bd6 8.
d3 exd3 9. Qxd3 Bf5 10. Qe3 Bxc2 11. O-O O-O-O 12. Qxe5 Bxe5 13. Be3 a6 14.
Rac1 Bxb3 15. axb3 Nd4 16. Bg4+ Kb8 17. b4 Nf6 18. Bd1 Nf5 19. Bg5 h6 20. Bxf6
Bxf6 21. b5 Bxc3 22. bxc3 axb5 23. Bf3 c6 24. Rb1 Kc7 25. Rfc1 Nd6 26. h3 f5
27. Re1 Rhe8 28. Rbd1 g5 29. Kh2 Rxe1 30. Rxe1 Re8 31. Rd1 Ne4 32. Bxe4 Rxe4
33. Rd3 c5 34. f3 Rc4 35. Kg3 Kc6 36. Kf2 b4 37. cxb4 Rxb4 38. Re3 Rd4 39. Re5
f4 40. Ke2 b5 41. Re6+ Rd6 42. Re8 c4 43. h4 Kc5 44. hxg5 hxg5 45. Re5+ Rd5 46.
Re8 c3 47. g3 fxg3 48. Ke3 Kc4 49. Rc8+ Rc5 50. Ra8 c2 51. Kd2 Kb3 52. Kc1 g2 {
Normal} 0-1

[Event "Rated Blitz game"]
[Site "?"]
[Date "2021.11.25"]
[Round "?"]
[White "venajalainen"]
[Black "Blitzdwarf"]
[Result "0-1"]
[WhiteElo "2779"]
[BlackElo "2725"]
[PlyCount "88"]
[EventDate "2021.??.??"]
[EventType "blitz"]

1. e4 e5 2. Nf3 d5 3. exd5 e4 4. Qe2 Nf6 5. d3 Qxd5 6. Nbd2 Nc6 7. dxe4 Qh5 8.
Qb5 Bc5 9. Nb3 Nxe4 10. Nxc5 Qxc5 11. Qxc5 Nxc5 12. Be3 Ne6 13. O-O-O Bd7 14.
Bc4 O-O-O 15. Rhe1 Rhe8 16. h4 f6 17. h5 h6 18. Bd3 Nf8 19. Nh4 Nb4 20. Bc4 Re5
21. Ng6 Nxg6 22. hxg6 Bg4 23. Rxd8+ Kxd8 24. Bf7 Nd5 25. Bd2 Rxe1+ 26. Bxe1 Ne7
27. Bb4 b6 28. f3 Bf5 29. g4 c5 30. Bc3 Bxg6 31. Be6 Nc6 32. Kd2 Kc7 33. Ke3
Bxc2 34. f4 a5 35. Bf7 b5 36. a3 b4 37. axb4 cxb4 38. Bd2 Kd6 39. Be8 Ne7 40.
Bb5 Kc5 41. Be8 Nc8 42. Kf3 Nd6 43. Bd7 Bd1+ 44. Kg3 Ne4+ {Normal} 0-1

[Event "Rated Blitz game"]
[Site "?"]
[Date "2021.11.25"]
[Round "?"]
[White "Dontknowhowtochess96"]
[Black "StoqnOrlinovStoqnov"]
[Result "0-1"]
[WhiteElo "2491"]
[BlackElo "2599"]
[PlyCount "128"]
[EventDate "2021.??.??"]
[EventType "blitz"]

1. e4 e5 2. Nf3 d5 3. d3 dxe4 4. dxe4 Qxd1+ 5. Kxd1 Nc6 6. c3 f5 7. exf5 Bxf5
8. Bb5 O-O-O+ 9. Ke1 Bd6 10. Be3 Nf6 11. Nbd2 Nd5 12. Nh4 Nxe3 13. fxe3 Bd7 14.
e4 a6 15. Ba4 Rhf8 16. Nhf3 Kb8 17. Ke2 Nd4+ 18. Nxd4 exd4 19. Bxd7 dxc3 20.
bxc3 Rxd7 21. Rhf1 Rdf7 22. Nf3 Rf4 23. Kd3 g5 24. h3 h5 25. Nd2 g4 26. hxg4
Rxg4 27. Rxf8+ Bxf8 28. Rh1 Rg3+ 29. Nf3 Rxg2 30. Rxh5 Ba3 31. e5 Rxa2 32. e6
b6 33. Rh7 Rf2 34. Ke3 Bc5+ 35. Kf4 Rc2 36. Ne5 Bd6 37. e7 Bxe7 38. Nc6+ Kb7
39. Nxe7 Rxc3 40. Nd5 Rc5 41. Ke3 Rxd5 42. Ke4 Rc5 43. Rh6 a5 44. Kd4 a4 45.
Rh3 Ra5 46. Ra3 Ka6 47. Kc4 c6 48. Kb4 Kb7 49. Kc4 Kc7 50. Kb4 Kd6 51. Rd3+ Ke5
52. Re3+ Kd4 53. Ra3 Rb5+ 54. Kxa4 Ra5+ 55. Kb4 Rxa3 56. Kxa3 Kc3 57. Ka4 b5+
58. Ka3 b4+ 59. Ka2 Kc2 60. Ka1 c5 61. Ka2 b3+ 62. Ka1 b2+ 63. Ka2 b1=Q+ 64.
Ka3 Qb3# {Normal} 0-1

[Event "Rated Blitz game"]
[Site "?"]
[Date "2021.11.25"]
[Round "?"]
[White "BlueGreensun"]
[Black "Blitzdwarf"]
[Result "0-1"]
[WhiteElo "2802"]
[BlackElo "2720"]
[PlyCount "96"]
[EventDate "2021.??.??"]
[EventType "blitz"]

1. e4 e5 2. Nf3 d5 3. Nxe5 Bd6 4. d4 dxe4 5. Nc4 Nf6 6. Nxd6+ Qxd6 7. Be2 O-O
8. O-O Nc6 9. c3 Bf5 10. Bg5 Nd5 11. Bh4 Qh6 12. Bg3 Rfe8 13. Qc1 Qg6 14. Na3
Rad8 15. Nc4 h5 16. Ne3 Nce7 17. a3 c5 18. Nxd5 Nxd5 19. c4 Ne7 20. d5 Bg4 21.
Bxg4 hxg4 22. b4 b6 23. bxc5 bxc5 24. Qe3 Nf5 25. Qxc5 e3 26. Qxa7 Ra8 27. Qc5
e2 28. Rfe1 Rac8 29. Qb4 Nd4 30. Rac1 Nc2 31. Qc3 Nxe1 32. Rxe1 Re4 33. c5 Qf5
34. c6 Qxd5 35. c7 Rc4 36. Qe3 Qd1 37. f3 gxf3 38. Qxf3 Rc1 39. Qe3 R8xc7 40.
h3 R7c3 41. Qe8+ Kh7 42. Qe4+ g6 43. Kh2 Rxg3 44. Qh4+ Kg7 45. Qxg3 Qxe1 46.
Qe5+ f6 47. Qe7+ Kh6 48. Qf8+ Kg5 {Normal} 0-1

[Event "Rated Blitz game"]
[Site "?"]
[Date "2021.11.25"]
[Round "?"]
[White "nerevar83"]
[Black "Annali-annaliew1979"]
[Result "0-1"]
[WhiteElo "2322"]
[BlackElo "2443"]
[PlyCount "92"]
[EventDate "2021.??.??"]
[EventType "blitz"]

1. e4 e5 2. Nf3 d5 3. exd5 e4 4. Ng1 f5 5. Nc3 Nf6 6. d4 Bb4 7. Bg5 O-O 8. Bc4
Bd6 9. Nge2 a6 10. O-O b5 11. Bb3 b4 12. Na4 Nbd7 13. f4 Qe8 14. c4 bxc3 15.
Naxc3 Qg6 16. Ng3 h6 17. Bxf6 Nxf6 18. Kh1 Bd7 19. Qd2 Ng4 20. Nd1 a5 21. Ne3
a4 22. Bc4 Rae8 23. Nxg4 Qxg4 24. Qe2 Qg6 25. b3 Kh8 26. Qh5 Qf6 27. Rad1 axb3
28. axb3 e3 29. Qe2 Qh4 30. Qf3 g5 31. Qh5 Qxh5 32. Nxh5 e2 33. Rde1 exf1=Q+
34. Rxf1 Re4 35. fxg5 hxg5 36. Ng3 Rf4 37. Rd1 Re8 38. Kg1 g4 39. Ra1 Rxd4 40.
Nh5 f4 41. Nf6 Re7 42. Ra8+ Kg7 43. Nxd7 Rxd7 44. Kf2 Re7 45. Ra2 Bc5 46. Kf1
Rd1# {Normal} 0-1

[Event "Rated Blitz tournament nzdVFijV"]
[Site "?"]
[Date "2021.11.25"]
[Round "?"]
[White "Hripach007"]
[Black "Maltinho"]
[Result "1/2-1/2"]
[WhiteElo "2384"]
[BlackElo "2622"]
[PlyCount "69"]
[EventDate "2021.??.??"]
[EventType "blitz"]

1. e4 e5 2. Nf3 d5 3. exd5 Bd6 4. d4 e4 5. Ne5 Nf6 6. Nc3 O-O 7. Bg5 Re8 8. Bb5
Nbd7 9. Nxd7 Bxd7 10. Bxf6 gxf6 11. Bxd7 Qxd7 12. O-O Qf5 13. g3 Kh8 14. Qe2
Qg6 15. Rae1 f5 16. Nb5 f4 17. Nxd6 cxd6 18. Kh1 f3 19. Qe3 Qh5 20. Qf4 Qxd5
21. c3 Qe6 22. Re3 d5 23. Rfe1 f5 24. Rxf3 Rf8 25. Rfe3 Rae8 26. f3 Qg6 27. c4
dxc4 28. fxe4 fxe4 29. Qh4 Qf5 30. Rxe4 Qf2 31. Rxe8 Qf3+ 32. Kg1 Qf2+ 33. Kh1
Qf3+ 34. Kg1 Qf2+ 35. Kh1 {Normal} 1/2-1/2

[Event "Rated Blitz tournament Wm6TTH3U"]
[Site "?"]
[Date "2021.11.25"]
[Round "?"]
[White "William2Wilson"]
[Black "VVV-31"]
[Result "1-0"]
[WhiteElo "2489"]
[BlackElo "2303"]
[PlyCount "45"]
[EventDate "2021.??.??"]
[EventType "blitz"]

1. e4 e5 2. Nf3 d5 3. exd5 Bd6 4. d4 e4 5. Ng5 Nf6 6. c4 c5 7. Nc3 O-O 8. Be2
Re8 9. Be3 h6 10. Nh3 Bxh3 11. gxh3 cxd4 12. Bxd4 Be5 13. Rg1 Nbd7 14. Qd2 Kh7
15. O-O-O Qa5 16. Kb1 a6 17. Bg4 Bxd4 18. Qxd4 Nc5 19. Bf5+ Kh8 20. Rxg7 Kxg7
21. Rg1+ Kf8 22. Qxf6 Qc7 23. d6 {Normal} 1-0

[Event "Rated Blitz game"]
[Site "?"]
[Date "2021.11.25"]
[Round "?"]
[White "UneChimayBleue"]
[Black "sierra92"]
[Result "0-1"]
[WhiteElo "2297"]
[BlackElo "2492"]
[PlyCount "68"]
[EventDate "2021.??.??"]
[EventType "blitz"]

1. e4 e5 2. Nf3 d5 3. d4 dxe4 4. Nxe5 Bd6 5. Nc3 Bxe5 6. dxe5 Qxd1+ 7. Nxd1 Nc6
8. Bb5 Nge7 9. O-O Bf5 10. Nc3 O-O-O 11. f4 exf3 12. Bxc6 Nxc6 13. Rxf3 Bg6 14.
Bf4 Nd4 15. Rf2 Nxc2 16. Rc1 Nb4 17. Nb5 Nd3 18. Rxc7+ Kb8 19. Rc3 Nxf4 20.
Rxf4 Rd1+ 21. Kf2 Rd2+ 22. Kg3 Rxb2 23. Nd6 Rxa2 24. Nxf7 Rf8 25. Nd6 Rd8 26.
e6 Re2 27. Nf7 Rc8 28. Rxc8+ Kxc8 29. Rc4+ Kb8 30. Ng5 h6 31. Kf3 Re5 32. Ne4
Rxe4 33. Rxe4 Bxe4+ 34. Kf4 Kc7 {Normal} 0-1

[Event "Rated Blitz game"]
[Site "?"]
[Date "2021.11.25"]
[Round "?"]
[White "Gauthier2008"]
[Black "ahoramahora"]
[Result "0-1"]
[WhiteElo "2412"]
[BlackElo "2326"]
[PlyCount "40"]
[EventDate "2021.??.??"]
[EventType "blitz"]

1. e4 e5 2. Nf3 d5 3. exd5 e4 4. Qe2 Nf6 5. d3 Qxd5 6. Nc3 Bb4 7. Bd2 Bxc3 8.
Bxc3 O-O 9. dxe4 Nxe4 10. Rd1 Nxc3 11. Rxd5 Nxe2 12. Bxe2 Be6 13. Ra5 Nc6 14.
Ra3 a5 15. c3 Rfe8 16. Kf1 Rad8 17. Nd4 Nxd4 18. cxd4 Rxd4 19. Rxa5 Bc4 20.
Bxc4 Rd1# {Normal} 0-1

[Event "Rated Blitz game"]
[Site "?"]
[Date "2021.11.25"]
[Round "?"]
[White "totoff"]
[Black "elrond"]
[Result "1-0"]
[WhiteElo "2406"]
[BlackElo "2399"]
[PlyCount "65"]
[EventDate "2021.??.??"]
[EventType "blitz"]

1. e4 e5 2. Nf3 d5 3. Nxe5 Bd6 4. d4 dxe4 5. Nc4 Nf6 6. Ne3 O-O 7. Nc3 c5 8. d5
Nbd7 9. Be2 Ne5 10. O-O a6 11. a4 Re8 12. b3 Bd7 13. a5 Qc7 14. h3 Rad8 15. Bb2
Ng6 16. Nc4 Bh2+ 17. Kh1 Nf4 18. d6 Qc8 19. Kxh2 Bxh3 20. Bf3 exf3 21. Qxf3
Ng4+ 22. Kg1 Bxg2 23. Qxf4 Bxf1 24. Rxf1 Re6 25. Nd5 Kf8 26. Ncb6 Qc6 27. f3
Nh6 28. d7 Rg6+ 29. Kf2 c4 30. Be5 Qc5+ 31. Qe3 Qxa5 32. Bd6+ Kg8 33. Qe8+ {
Normal} 1-0

[Event "Rated Blitz game"]
[Site "?"]
[Date "2021.11.25"]
[Round "?"]
[White "pachanga1991"]
[Black "GrandeGila"]
[Result "0-1"]
[WhiteElo "2398"]
[BlackElo "2503"]
[PlyCount "98"]
[EventDate "2021.??.??"]
[EventType "blitz"]

1. e4 e5 2. Nf3 d5 3. Nxe5 Bd6 4. d4 dxe4 5. Nc3 Bxe5 6. dxe5 Qxd1+ 7. Nxd1 Nc6
8. Bb5 Nge7 9. Bf4 O-O 10. Bg3 a6 11. Bxc6 Nxc6 12. Nc3 Re8 13. O-O-O Bf5 14.
Nd5 Rac8 15. Ne3 Bg6 16. Rhe1 Nxe5 17. Nd5 f6 18. h3 Kf8 19. Rd4 c6 20. Nf4 f5
21. Nxg6+ Nxg6 22. Bd6+ Kf7 23. Red1 Re6 24. Ba3 Nf8 25. b3 Rce8 26. Bc5 g5 27.
Rb4 b5 28. a4 f4 29. axb5 axb5 30. h4 h6 31. hxg5 hxg5 32. Rbd4 Kg6 33. Rd6 Kf5
34. Rxe6 Nxe6 35. Bb4 Rd8 36. Re1 Rd5 37. Kb2 c5 38. Ba5 b4 39. c3 Rd2+ 40. Kc1
bxc3 41. Bxc3 Rxf2 42. Rg1 e3 43. Kd1 Nd4 44. Ke1 Nxb3 45. Rh1 Nd4 46. Rh8 Rxg2
47. Rf8+ Ke4 48. Re8+ Kd3 49. Bxd4 Rg1# {Normal} 0-1